Chand Grehan. چاند گرہن / (Record no. 188076)
[ view plain ]
| 000 -LEADER | |
|---|---|
| fixed length control field | 00430 a2200169 4500 |
| 003 - CONTROL NUMBER IDENTIFIER | |
| control field | Nust |
| 005 - DATE AND TIME OF LATEST TRANSACTION | |
| control field | 20230328121726.0 |
| 040 ## - CATALOGING SOURCE | |
| Transcribing agency | Nust |
| 082 ## - DEWEY DECIMAL CLASSIFICATION NUMBER | |
| Classification number | 891.439,ASG |
| 100 ## - MAIN ENTRY--PERSONAL NAME | |
| Personal name | Syed, Asghar Nadeem |
| 9 (RLIN) | 111507 |
| 245 ## - TITLE STATEMENT | |
| Title | Chand Grehan. چاند گرہن / |
| Statement of responsibility, etc. | Asghar Nadeem Syed |
| 260 ## - PUBLICATION, DISTRIBUTION, ETC. | |
| Place of publication, distribution, etc. | Lahore |
| Name of publisher, distributor, etc. | Sange-e-Meel |
| 300 ## - PHYSICAL DESCRIPTION | |
| Extent | 424 |
| 538 ## - SYSTEM DETAILS NOTE | |
| System details note | Almirah No.66 Shelf No.6 |
| 650 ## - SUBJECT ADDED ENTRY--TOPICAL TERM | |
| Topical term or geographic name entry element | Novel |
| 9 (RLIN) | 2525 |
| 942 ## - ADDED ENTRY ELEMENTS (KOHA) | |
| Source of classification or shelving scheme | |
| Koha item type | Book |
| Call number prefix | 891.439,ASG |
| Withdrawn status | Lost status | Source of classification or shelving scheme | Damaged status | Not for loan | Permanent Location | Current Location | Shelving location | Date acquired | Full call number | Barcode | Date last seen | Price effective from | Koha item type | Public note |
|---|---|---|---|---|---|---|---|---|---|---|---|---|---|---|
| Military College of Signals (MCS) | Military College of Signals (MCS) | General Stacks | 12/12/2016 | 891.439,ASG | MCS34172 | 12/08/2016 | 12/12/2016 | Book | Almirha No 65, Shelf No 3 |
